[Event "ODJM A 2018"]
[Site "Willingen GER"]
[Date "2018.05.26"]
[Round "9"]
[White "Irkilmez, Yakub"]
[Black "Hinrichs, Niklas"]
[Result "1-0"]
[Termination "normal"]
[Board "10"]
[WhiteElo "2108"]
[BlackElo "1976"]
[WhiteClock "00:07:44"]
[BlackClock "00:19:36"]
[PlyCount "75"]
[WhiteFideId "16204581"]
[BlackFideId "12942499"]
[EventCountry "GER"]
[EventRounds "9"]
[EventType "swiss"]
[EventDate "2018.05.19"]

1. d4 {[%clk 1:30:59]} 1... d5 {[%clk 1:30:57]} 2. Bf4 {[%clk 1:31:17]} 2...
Nf6 {[%clk 1:31:22]} 3. e3 {[%clk 1:31:40]} 3... c5 {[%clk 1:31:47]} 4. c3 {
[%clk 1:31:24]} 4... Nc6 {[%clk 1:32:12]} 5. Nf3 {[%clk 1:27:56]} 5... e6 {
[%clk 1:32:25]} 6. Nbd2 {[%clk 1:27:48]} 6... cxd4 {[%clk 1:31:04]} 7. exd4 {
[%clk 1:26:05]} 7... Nh5 {[%clk 1:31:28]} 8. Be3 {[%clk 1:26:09]} 8... Bd6 {
[%clk 1:31:44]} 9. Bd3 {[%clk 1:26:31]} 9... Nf4 {[%clk 1:31:50]} 10. Bxf4 {
[%clk 1:26:13]} 10... Bxf4 {[%clk 1:32:15]} 11. O-O {[%clk 1:26:16]} 11... O-O
{[%clk 1:32:24]} 12. Re1 {[%clk 1:26:04]} 12... g6 {[%clk 1:31:59]} 13. g3 {
[%clk 1:23:04]} 13... Bh6 {[%clk 1:31:30]} 14. Ne5 {[%clk 1:23:00]} 14... Qc7 {
[%clk 1:25:07]} 15. f4 {[%clk 1:19:43]} 15... Rb8 {[%clk 1:22:45]} 16. Ndf3 {
[%clk 1:17:50]} 16... Na5 {[%clk 1:21:23]} 17. Qe2 {[%clk 1:13:49]} 17... a6 {
[%clk 1:16:10]} 18. Qg2 {[%clk 1:03:52]} 18... Bg7 {[%clk 1:11:38]} 19. Ng4 {
[%clk 0:37:33]} 19... f6 {[%clk 1:07:24]} 20. Ne3 {[%clk 0:32:37]} 20... b5 {
[%clk 1:05:30]} 21. a3 {[%clk 0:25:40]} 21... Nc4 {[%clk 1:05:26]} 22. Re2 {
[%clk 0:25:20]} 22... Bd7 {[%clk 1:03:18]} 23. Rf1 {[%clk 0:24:36]} 23... Rbe8
{[%clk 1:00:48]} 24. h4 {[%clk 0:21:01]} 24... Bc6 {[%clk 0:42:23]} 25. h5 {
[%clk 0:18:06]} 25... e5 {[%clk 0:38:03]} 26. Bxc4 {[%clk 0:13:30]} 26... dxc4
{[%clk 0:37:12]} 27. d5 {[%clk 0:13:00]} 27... Bb7 {[%clk 0:36:01]} 28. fxe5 {
[%clk 0:12:52]} 28... fxe5 {[%clk 0:36:08]} 29. hxg6 {[%clk 0:13:15]} 29...
hxg6 {[%clk 0:33:07]} 30. Nh4 {[%clk 0:11:35]} 30... Bh6 {[%clk 0:29:56]} 31.
Rxf8+ {[%clk 0:09:23]} 31... Rxf8 {[%clk 0:27:33]} 32. Qe4 {[%clk 0:07:56]}
32... Qf7 {[%clk 0:19:03]} 33. Qxg6+ {[%clk 0:07:54]} 33... Qxg6 { [%clk
0:19:30]} 34. Nxg6 {[%clk 0:08:16]} 34... Rf3 {[%clk 0:19:13]} 35. Nf5 { [%clk
0:07:50]} 35... Kh7 {[%clk 0:19:20]} 36. Ngh4 {[%clk 0:07:53]} 36... Rd3 {[%clk
0:19:15]} 37. Rxe5 {[%clk 0:07:41]} 37... Rd1+ {[%clk 0:19:36]} 38. Kf2 {[%clk
0:07:44]} 1-0

[Event "ODJM A 2018"]
[Site "Willingen GER"]
[Date "2018.05.26"]
[Round "9"]
[White "Oganessjan, Artur"]
[Black "Englert, Jon"]
[Result "1-0"]
[Termination "normal"]
[Board "11"]
[WhiteElo "2045"]
[BlackElo "2031"]
[WhiteClock "00:12:11"]
[BlackClock "00:02:31"]
[PlyCount "101"]
[WhiteFideId "12986062"]
[BlackFideId "12992275"]
[EventCountry "GER"]
[EventRounds "9"]
[EventType "swiss"]
[EventDate "2018.05.19"]

1. d4 {[%clk 1:30:59]} 1... Nf6 {[%clk 1:30:53]} 2. Nf3 {[%clk 1:31:25]} 2...
g6 {[%clk 1:31:14]} 3. c4 {[%clk 1:31:50]} 3... Bg7 {[%clk 1:31:39]} 4. Nc3 {
[%clk 1:32:17]} 4... d6 {[%clk 1:31:50]} 5. Bf4 {[%clk 1:32:24]} 5... O-O {
[%clk 1:28:51]} 6. h3 {[%clk 1:32:47]} 6... Nbd7 {[%clk 1:25:58]} 7. e3 { [%clk
1:33:04]} 7... c5 {[%clk 1:25:36]} 8. Be2 {[%clk 1:29:38]} 8... b6 { [%clk
1:13:20]} 9. O-O {[%clk 1:29:19]} 9... Bb7 {[%clk 1:13:31]} 10. d5 { [%clk
1:28:12]} 10... a6 {[%clk 1:09:37]} 11. a4 {[%clk 1:28:21]} 11... Ne8 { [%clk
1:05:31]} 12. Qc2 {[%clk 1:28:22]} 12... Nc7 {[%clk 1:03:37]} 13. e4 { [%clk
1:27:37]} 13... h6 {[%clk 0:53:12]} 14. Bd3 {[%clk 1:26:32]} 14... b5 { [%clk
0:47:28]} 15. axb5 {[%clk 1:22:18]} 15... axb5 {[%clk 0:47:22]} 16. cxb5 {[%clk
1:21:59]} 16... Nb6 {[%clk 0:46:59]} 17. Nd2 {[%clk 1:18:42]} 17... e6 { [%clk
0:41:55]} 18. Nc4 {[%clk 1:16:53]} 18... Nxc4 {[%clk 0:41:29]} 19. Bxc4 { [%clk
1:17:21]} 19... exd5 {[%clk 0:41:20]} 20. exd5 {[%clk 1:16:57]} 20... g5 {[%clk
0:37:01]} 21. Bd2 {[%clk 1:15:22]} 21... Be5 {[%clk 0:30:44]} 22. Kh1 { [%clk
1:12:26]} 22... g4 {[%clk 0:26:57]} 23. Qf5 {[%clk 1:11:50]} 23... Bc8 { [%clk
0:23:31]} 24. Qh5 {[%clk 1:09:21]} 24... Rxa1 {[%clk 0:23:22]} 25. Rxa1 { [%clk
1:09:34]} 25... Ne8 {[%clk 0:22:04]} 26. Bxh6 {[%clk 0:57:51]} 26... Ng7 {[%clk
0:18:14]} 27. Qg5 {[%clk 0:51:02]} 27... Bf6 {[%clk 0:15:47]} 28. Qd2 { [%clk
0:50:15]} 28... gxh3 {[%clk 0:14:56]} 29. g3 {[%clk 0:49:41]} 29... Re8 { [%clk
0:13:30]} 30. Bxg7 {[%clk 0:44:17]} 30... Bxg7 {[%clk 0:13:38]} 31. Re1 { [%clk
0:42:48]} 31... Bf5 {[%clk 0:11:23]} 32. Kh2 {[%clk 0:40:59]} 32... Re5 { [%clk
0:09:42]} 33. Rxe5 {[%clk 0:38:04]} 33... Bxe5 {[%clk 0:10:06]} 34. Bd3 { [%clk
0:38:18]} 34... Bxd3 {[%clk 0:07:52]} 35. Qxd3 {[%clk 0:37:48]} 35... Bd4
{[%clk 0:07:52]} 36. Qf5 {[%clk 0:36:23]} 36... Qa5 {[%clk 0:03:46]} 37. Kxh3 {
[%clk 0:17:47]} 37... Bxc3 {[%clk 0:03:48]} 38. bxc3 {[%clk 0:17:09]} 38...
Qxb5 {[%clk 0:03:54]} 39. Kh4 {[%clk 0:17:12]} 39... Qf1 {[%clk 0:02:10]} 40.
f4 {[%clk 0:16:28]} 40... Qh1+ {[%clk 0:01:50]} 41. Kg5 {[%clk 0:16:22]} 41...
Qf3 {[%clk 0:01:41]} 42. Kh6 {[%clk 0:10:20]} 42... Qh1+ {[%clk 0:01:00]} 43.
Qh5 {[%clk 0:09:55]} 43... Qe4 {[%clk 0:00:42]} 44. Qg5+ {[%clk 0:10:14]} 44...
Kf8 {[%clk 0:01:07]} 45. Qd8+ {[%clk 0:10:38]} 45... Qe8 {[%clk 0:01:35]} 46.
Qxe8+ {[%clk 0:10:48]} 46... Kxe8 {[%clk 0:02:01]} 47. g4 {[%clk 0:11:08]}
47... Kf8 {[%clk 0:02:09]} 48. Kh7 {[%clk 0:11:15]} 48... Ke7 {[%clk 0:02:32]}
49. g5 {[%clk 0:11:20]} 49... c4 {[%clk 0:02:57]} 50. f5 {[%clk 0:11:46]} 50...
f6 {[%clk 0:02:31]} 51. g6 {[%clk 0:12:11]} 1-0

[Event "ODJM A 2018"]
[Site "Willingen GER"]
[Date "2018.05.26"]
[Round "9"]
[White "Dette, Jan"]
[Black "Zeuner, Ole"]
[Result "1-0"]
[Termination "normal"]
[Board "12"]
[WhiteElo "2097"]
[BlackElo "1982"]
[WhiteClock "00:03:37"]
[BlackClock "00:01:21"]
[PlyCount "125"]
[WhiteFideId "12936677"]
[BlackFideId "12943576"]
[EventCountry "GER"]
[EventRounds "9"]
[EventType "swiss"]
[EventDate "2018.05.19"]

1. e4 {[%clk 1:30:58]} 1... e5 {[%clk 1:30:54]} 2. Bc4 {[%clk 1:31:10]} 2...
Nf6 {[%clk 1:30:18]} 3. d4 {[%clk 1:31:32]} 3... exd4 {[%clk 1:30:32]} 4. Nf3 {
[%clk 1:31:53]} 4... d5 {[%clk 1:30:15]} 5. exd5 {[%clk 1:30:25]} 5... Bb4+ {
[%clk 1:30:09]} 6. c3 {[%clk 1:30:02]} 6... Qe7+ {[%clk 1:30:21]} 7. Be2 {
[%clk 1:22:10]} 7... dxc3 {[%clk 1:30:09]} 8. bxc3 {[%clk 1:22:32]} 8... Bc5 {
[%clk 1:29:21]} 9. O-O {[%clk 1:22:36]} 9... O-O {[%clk 1:28:57]} 10. Bg5 {
[%clk 1:11:49]} 10... Qd6 {[%clk 1:14:06]} 11. c4 {[%clk 1:04:57]} 11... Bf5 {
[%clk 0:54:47]} 12. Nc3 {[%clk 1:01:37]} 12... a6 {[%clk 0:51:46]} 13. Bd3 {
[%clk 0:49:26]} 13... Bxd3 {[%clk 0:47:20]} 14. Qxd3 {[%clk 0:49:31]} 14...
Nbd7 {[%clk 0:47:15]} 15. Rab1 {[%clk 0:39:35]} 15... Rab8 {[%clk 0:46:35]} 16.
Rfe1 {[%clk 0:39:00]} 16... Bb4 {[%clk 0:43:30]} 17. Re2 {[%clk 0:30:00]} 17...
Bxc3 {[%clk 0:41:31]} 18. Qxc3 {[%clk 0:28:00]} 18... b5 {[%clk 0:41:27]} 19.
Rd1 {[%clk 0:23:50]} 19... b4 {[%clk 0:35:27]} 20. Qd4 {[%clk 0:23:34]} 20...
Qb6 {[%clk 0:26:46]} 21. Bf4 {[%clk 0:18:27]} 21... Rb7 {[%clk 0:24:15]} 22.
Rde1 {[%clk 0:17:15]} 22... Qa5 {[%clk 0:20:23]} 23. Ne5 {[%clk 0:16:28]} 23...
Qb6 {[%clk 0:17:53]} 24. Nc6 {[%clk 0:16:47]} 24... Qxd4 {[%clk 0:17:20]} 25.
Nxd4 {[%clk 0:17:11]} 25... Nc5 {[%clk 0:17:25]} 26. Re3 {[%clk 0:13:31]} 26...
h6 {[%clk 0:12:11]} 27. Nc6 {[%clk 0:12:52]} 27... Nfd7 {[%clk 0:08:44]} 28. h3
{[%clk 0:10:57]} 28... a5 {[%clk 0:05:49]} 29. Nxa5 {[%clk 0:08:14]} 29... Ra7
{[%clk 0:05:50]} 30. Nc6 {[%clk 0:08:36]} 30... Rxa2 {[%clk 0:06:07]} 31. Nxb4
{[%clk 0:08:59]} 31... Ra4 {[%clk 0:05:21]} 32. Nc6 {[%clk 0:08:19]} 32... Rxc4
{[%clk 0:04:42]} 33. Bxc7 {[%clk 0:08:42]} 33... Nf6 {[%clk 0:04:04]} 34. d6 {
[%clk 0:08:23]} 34... Ne6 {[%clk 0:03:59]} 35. Ne5 {[%clk 0:06:06]} 35... Rxc7
{[%clk 0:02:44]} 36. dxc7 {[%clk 0:06:29]} 36... Nxc7 {[%clk 0:03:11]} 37. Nf3
{[%clk 0:04:53]} 37... Ne6 {[%clk 0:02:47]} 38. Ra3 {[%clk 0:04:46]} 38... Nd5
{[%clk 0:01:31]} 39. Ra7 {[%clk 0:04:26]} 39... Ndf4 {[%clk 0:01:29]} 40. Rb1 {
[%clk 0:02:14]} 40... Ng6 {[%clk 0:01:13]} 41. g3 {[%clk 0:29:32]} 41... Rc8 {
[%clk 0:29:10]} 42. Rbb7 {[%clk 0:26:38]} 42... Rf8 {[%clk 0:29:20]} 43. Rb5 {
[%clk 0:26:26]} 43... Rc8 {[%clk 0:26:54]} 44. Rbb7 {[%clk 0:23:37]} 44... Rf8
{[%clk 0:27:16]} 45. Kg2 {[%clk 0:24:02]} 45... Nc5 {[%clk 0:26:57]} 46. Rc7 {
[%clk 0:24:00]} 46... Ne6 {[%clk 0:27:10]} 47. Rc4 {[%clk 0:22:53]} 47... Rd8 {
[%clk 0:26:36]} 48. Rb4 {[%clk 0:20:02]} 48... Nc5 {[%clk 0:18:47]} 49. h4 {
[%clk 0:19:23]} 49... Nf8 {[%clk 0:05:47]} 50. Ne5 {[%clk 0:17:19]} 50... f6 {
[%clk 0:03:54]} 51. Nf3 {[%clk 0:17:16]} 51... Nfe6 {[%clk 0:03:54]} 52. Rb6 {
[%clk 0:12:31]} 52... Kf8 {[%clk 0:02:10]} 53. Rc6 {[%clk 0:12:03]} 53... Re8 {
[%clk 0:01:17]} 54. h5 {[%clk 0:07:33]} 54... Kg8 {[%clk 0:00:56]} 55. Nd4 {
[%clk 0:04:52]} 55... Nxd4 {[%clk 0:00:58]} 56. Rxc5 {[%clk 0:05:17]} 56... Ne6
{[%clk 0:01:18]} 57. Rb5 {[%clk 0:05:37]} 57... Kf8 {[%clk 0:00:55]} 58. Rbb7 {
[%clk 0:05:50]} 58... Kg8 {[%clk 0:01:01]} 59. g4 {[%clk 0:04:51]} 59... Kh8 {
[%clk 0:00:43]} 60. Kg3 {[%clk 0:03:52]} 60... Rc8 {[%clk 0:00:43]} 61. Re7 {
[%clk 0:03:17]} 61... Rc6 {[%clk 0:00:54]} 62. Re8+ {[%clk 0:03:12]} 62... Kh7
{[%clk 0:01:21]} 63. Raa8 {[%clk 0:03:37]} 1-0

[Event "ODJM A 2018"]
[Site "Willingen GER"]
[Date "2018.05.26"]
[Round "9"]
[White "Steffens, Oliver"]
[Black "Schimnatkowski, Lukas"]
[Result "1/2-1/2"]
[Termination "normal"]
[Board "13"]
[WhiteElo "1944"]
[BlackElo "2051"]
[PlyCount "61"]
[WhiteFideId "12947148"]
[BlackFideId "12936723"]
[EventCountry "GER"]
[EventRounds "9"]
[EventType "swiss"]
[EventDate "2018.05.19"]

1. e4 c5 2. Nf3 d6 3. Bb5+ Nd7 4. O-O a6 5. Bd3 Ngf6 6. c3 e6 7. Bc2 Be7 8. d4
b5 9. Qe2 Bb7 10. Rd1 O-O 11. Nbd2 Qc7 12. Nf1 Rac8 13. Bd3 Rfd8 14. Ng3 Bf8
15. a4 e5 16. axb5 c4 17. Bc2 axb5 18. Bd2 Ra8 19. b3 d5 20. bxc4 bxc4 21. dxe5
Nxe5 22. Rxa8 Nxf3+ 23. Qxf3 Rxa8 24. exd5 Bxd5 25. Qf5 Be6 26. Qf3 Rd8 27. Bf4
Rxd1+ 28. Bxd1 Qa5 29. h3 Bd5 30. Qe3 Qa8 31. Nf5 1/2-1/2

[Event "ODJM A 2018"]
[Site "Willingen GER"]
[Date "2018.05.26"]
[Round "9"]
[White "Melde, Benjamin"]
[Black "Erofeev, Anastasia"]
[Result "1-0"]
[Termination "normal"]
[Board "14"]
[WhiteElo "2069"]
[BlackElo "1933"]
[PlyCount "73"]
[WhiteFideId "12958816"]
[BlackFideId "12917915"]
[EventCountry "GER"]
[EventRounds "9"]
[EventType "swiss"]
[EventDate "2018.05.19"]

1. c4 c5 2. g3 Nf6 3. Bg2 e6 4. Nf3 Nc6 5. O-O Be7 6. b3 O-O 7. Bb2 Qc7 8. Nc3
a6 9. d4 cxd4 10. Nxd4 Nxd4 11. Qxd4 d6 12. Rfd1 Rd8 13. Rac1 Bd7 14. e4 Rac8
15. Qd3 Bc6 16. h3 h5 17. a4 b6 18. Qe2 Bb7 19. g4 hxg4 20. hxg4 Nd7 21. Rd3
Nc5 22. Rh3 Nxb3 23. g5 Bxg5 24. Qh5 Bh6 25. Rd1 Qc5 26. Nd5 exd5 27. exd5 Qb4
28. Rg3 Kf8 29. Qg4 Rxc4 30. Bxg7+ Kg8 31. Bd4+ Kf8 32. Qg8+ Ke7 33. Bf6+ Kxf6
34. Qxd8+ Kf5 35. Bh3+ Kf4 36. Qf6+ Ke4 37. Bg2# 1-0

[Event "ODJM A 2018"]
[Site "Willingen GER"]
[Date "2018.05.26"]
[Round "9"]
[White "Brunner, Jan"]
[Black "Askerov, Imamali"]
[Result "1/2-1/2"]
[Termination "normal"]
[Board "15"]
[WhiteElo "2005"]
[BlackElo "1935"]
[PlyCount "41"]
[WhiteFideId "12981010"]
[BlackFideId "12974498"]
[EventCountry "GER"]
[EventRounds "9"]
[EventType "swiss"]
[EventDate "2018.05.19"]

1. d4 Nf6 2. c4 e6 3. Nf3 c5 4. g3 cxd4 5. Nxd4 d5 6. Bg2 e5 7. Nf3 d4 8. O-O
Nc6 9. Nbd2 Bc5 10. Ng5 O-O 11. b3 h6 12. Nde4 Nxe4 13. Nxe4 Be7 14. Qc2 f5 15.
Nd2 Nb4 16. Qb1 e4 17. a3 Nc6 18. b4 Be6 19. Rd1 Bf6 20. Bb2 a6 21. Qc2 1/2-1/2

[Event "ODJM A 2018"]
[Site "Willingen GER"]
[Date "2018.05.26"]
[Round "9"]
[White "Weber, Jannis"]
[Black "Tham, Minh"]
[Result "1-0"]
[Termination "normal"]
[Board "16"]
[WhiteElo "1871"]
[BlackElo "1910"]
[PlyCount "141"]
[WhiteFideId "12990760"]
[BlackFideId "12997323"]
[EventCountry "GER"]
[EventRounds "9"]
[EventType "swiss"]
[EventDate "2018.05.19"]

1. e4 e5 2. Nf3 Nc6 3. Bc4 Bc5 4. c3 Nf6 5. d3 d6 6. Nbd2 a6 7. Nf1 Na5 8. b4
Nxc4 9. bxc5 Na5 10. Qa4+ Nc6 11. cxd6 cxd6 12. Ne3 O-O 13. O-O Be6 14. c4 Bd7
15. Qc2 Qe7 16. a4 Rac8 17. Qd2 h6 18. Ba3 Be6 19. Nd5 Bxd5 20. cxd5 Na7 21.
Qb4 Rfd8 22. Qb6 Ra8 23. Rfb1 Rd7 24. Rc1 Nc8 25. Qb2 Na7 26. Rc2 b5 27. a5 Rc7
28. Rac1 Rac8 29. Bb4 Qd7 30. Rxc7 Rxc7 31. Rxc7 Qxc7 32. Qc3 Qxc3 33. Bxc3 Nd7
34. Bb4 Nc8 35. d4 f6 36. dxe5 fxe5 37. Kf1 Kf7 38. Ke2 Kf6 39. Ne1 g5 40. Nd3
Kg6 41. Ba3 Nb8 42. f3 h5 43. Ke3 h4 44. g3 hxg3 45. hxg3 Kf6 46. Kf2 Kf7 47.
Kg2 Kg6 48. Kh3 Kh5 49. Nb4 Ne7 50. Nc2 Nc8 51. Ne3 Nd7 52. Nf5 Nc5 53. Nxd6
Nxd6 54. Bxc5 Nb7 55. Bb4 Nd8 56. Bd2 Kg6 57. Kg4 Nf7 58. f4 gxf4 59. gxf4 exf4
60. Kxf4 Kf6 61. e5+ Ke7 62. Bb4+ Ke8 63. e6 Nd8 64. Ke5 Nb7 65. d6 Kd8 66. Kd5
Ke8 67. Kc6 Nd8+ 68. Kd5 Nb7 69. d7+ Kd8 70. Kc6 Nd6 71. Bxd6 1-0

[Event "ODJM A 2018"]
[Site "Willingen GER"]
[Date "2018.05.26"]
[Round "9"]
[White "Bargsten, Justus"]
[Black "Pölt, Christoph"]
[Result "1-0"]
[Termination "normal"]
[Board "17"]
[WhiteElo "1953"]
[BlackElo "1903"]
[PlyCount "99"]
[WhiteFideId "12974188"]
[BlackFideId "12960853"]
[EventCountry "GER"]
[EventRounds "9"]
[EventType "swiss"]
[EventDate "2018.05.19"]

1. e4 c5 2. Nf3 d6 3. d4 cxd4 4. Nxd4 Nf6 5. Nc3 g6 6. Be3 Bg7 7. f3 O-O 8. Qd2
Nc6 9. Bc4 Bd7 10. O-O-O Qa5 11. Kb1 Rfc8 12. Bb3 Ne5 13. g4 Nc4 14. Bxc4 Rxc4
15. Nb3 Qc7 16. e5 Ne8 17. Nd5 Qd8 18. Bg5 f6 19. exf6 exf6 20. Rhe1 Kh8 21.
Bh6 Rac8 22. Bxg7+ Nxg7 23. Nd4 R4c5 24. Ne7 R8c7 25. Qh6 Qe8 26. Nd5 Rxd5 27.
Rxe8+ Bxe8 28. Re1 Bf7 29. Nb3 Re5 30. Rxe5 dxe5 31. Qd2 Ne6 32. c3 Kg7 33. h4
h6 34. Qe3 b6 35. Nd2 Rd7 36. Ne4 g5 37. h5 Nf4 38. Ng3 Be6 39. Qe4 Rd2 40.
Nf5+ Bxf5 41. Qxf5 Rd8 42. a4 Rf8 43. b4 Rf7 44. c4 Rc7 45. c5 bxc5 46. bxc5
Nd5 47. Qg6+ Kf8 48. Qxh6+ Ke7 49. Qg7+ Ke6 50. Qg8+ 1-0

[Event "ODJM A 2018"]
[Site "Willingen GER"]
[Date "2018.05.26"]
[Round "9"]
[White "Kartsev, Nikolay"]
[Black "Gerlach, Felix"]
[Result "1/2-1/2"]
[Termination "normal"]
[Board "18"]
[WhiteElo "1993"]
[BlackElo "1907"]
[PlyCount "45"]
[WhiteFideId "12939536"]
[BlackFideId "12957690"]
[EventCountry "GER"]
[EventRounds "9"]
[EventType "swiss"]
[EventDate "2018.05.19"]

1. e4 e5 2. Nf3 Nc6 3. Bb5 a6 4. Ba4 Nf6 5. d3 b5 6. Bb3 Be7 7. O-O d6 8. c3
O-O 9. Re1 Na5 10. Bc2 c5 11. Nbd2 Nc6 12. Nf1 Re8 13. Ng3 Be6 14. h3 h6 15. d4
exd4 16. cxd4 cxd4 17. Nxd4 Nxd4 18. Qxd4 Rc8 19. Bb3 d5 20. e5 Nd7 21. Be3 Bc5
{(=)} 22. Qd1 Bxe3 23. Rxe3 1/2-1/2

[Event "ODJM A 2018"]
[Site "Willingen GER"]
[Date "2018.05.26"]
[Round "9"]
[White "Goldbeck, Lars"]
[Black "Buller, Ian Joshua"]
[Result "1-0"]
[Termination "normal"]
[Board "19"]
[WhiteElo "2247"]
[BlackElo "1779"]
[PlyCount "59"]
[WhiteFideId "16208188"]
[BlackFideId "12990655"]
[EventCountry "GER"]
[EventRounds "9"]
[EventType "swiss"]
[EventDate "2018.05.19"]

1. d4 Nf6 2. c4 e6 3. Nc3 Bb4 4. f3 c5 5. d5 b5 6. e4 O-O 7. Bg5 h6 8. Bh4 d6
9. Bd3 exd5 10. cxd5 c4 11. Bc2 Bc5 12. Nge2 b4 13. Na4 Be3 14. Ng3 Qa5 15.
Bxf6 gxf6 16. b3 c3 17. Nf1 Bc5 18. Qc1 Kg7 19. Ng3 Re8 20. Nh5+ Kg6 21. g4 Bd4
22. Qf4 Be5 23. Qe3 Bb7 24. f4 Nd7 25. O-O Rac8 26. Rf3 Ba6 27. fxe5 Rxe5 28.
Qxa7 Rc7 29. Qf2 Bb5 30. Rxf6+ 1-0

[Event "ODJM A 2018"]
[Site "Willingen GER"]
[Date "2018.05.26"]
[Round "9"]
[White "Muckle, Richard"]
[Black "Silber, Kevin"]
[Result "1/2-1/2"]
[Termination "normal"]
[Board "20"]
[WhiteElo "2014"]
[BlackElo "2244"]
[PlyCount "90"]
[WhiteFideId "12942553"]
[BlackFideId "12930440"]
[EventCountry "GER"]
[EventRounds "9"]
[EventType "swiss"]
[EventDate "2018.05.19"]

1. d4 d5 2. g3 Nf6 3. Bg2 c6 4. Nf3 Bg4 5. c3 Nbd7 6. Qb3 Qb6 7. Qxb6 axb6 8.
Bg5 Ne4 9. Be3 b5 10. Nbd2 Nxd2 11. Nxd2 e5 12. dxe5 Nxe5 13. Bd4 Nc4 14. Nxc4
bxc4 15. O-O f6 16. e4 dxe4 17. Bxe4 Kf7 18. Rfe1 Bd6 19. Bg2 Rhe8 20. Bf1 b5
21. a3 Bf3 22. Bh3 Rad8 23. Bb6 Rb8 24. Ba7 Ra8 25. Bd4 g6 26. Bd7 Re7 27.
Rxe7+ Kxe7 28. Bh3 Kf7 29. Re1 f5 30. Bf1 c5 31. Be3 Re8 32. Bd2 Rxe1 33. Bxe1
Ke6 34. a4 bxa4 35. Bxc4+ Bd5 36. Bb5 Bb3 37. Bd2 Kd5 38. f3 Be5 39. Kf2 Bg7
40. Ke1 Bf6 41. Kf2 Bd1 42. Ke1 Bb3 43. Kf2 Bd1 44. Ke1 Bb3 45. Kf2 Bd1 1/2-1/2

[Event "ODJM A 2018"]
[Site "Willingen GER"]
[Date "2018.05.26"]
[Round "9"]
[White "Hofmann, Lorenz"]
[Black "Wanner, Lukas"]
[Result "1/2-1/2"]
[Termination "normal"]
[Board "21"]
[WhiteElo "1909"]
[BlackElo "2045"]
[PlyCount "42"]
[WhiteFideId "12995509"]
[BlackFideId "12918148"]
[EventCountry "GER"]
[EventRounds "9"]
[EventType "swiss"]
[EventDate "2018.05.19"]

1. e4 c5 2. Nf3 g6 3. d4 cxd4 4. Nxd4 Nc6 5. c4 Nf6 6. Nc3 Nxd4 7. Qxd4 d6 8.
Be3 Bg7 9. Be2 O-O 10. Qd1 a5 11. f3 Be6 12. O-O Nd7 13. Rc1 Nc5 14. b3 Qb6 15.
Nd5 Bxd5 16. cxd5 Rfc8 17. Qd2 Qb4 18. Rfd1 Qa3 19. Rc2 Rc7 20. Qc1 Qxc1 21.
Rdxc1 Rcc8 1/2-1/2

[Event "ODJM A 2018"]
[Site "Willingen GER"]
[Date "2018.05.26"]
[Round "9"]
[White "Fuhlrott, Tim"]
[Black "Teichert, Felix"]
[Result "1/2-1/2"]
[Termination "normal"]
[Board "22"]
[WhiteElo "1930"]
[BlackElo "1970"]
[PlyCount "58"]
[WhiteFideId "16222431"]
[BlackFideId "12987670"]
[EventCountry "GER"]
[EventRounds "9"]
[EventType "swiss"]
[EventDate "2018.05.19"]

1. c4 b6 2. Nc3 e6 3. g3 Bb7 4. e4 Bb4 5. Nge2 f5 6. Bg2 Nf6 7. d3 fxe4 8. O-O
O-O 9. dxe4 Nc6 10. h3 d6 11. a3 Bxc3 12. Nxc3 Nd7 13. f4 e5 14. Be3 exf4 15.
gxf4 Nc5 16. b4 Nd7 17. e5 Qb8 18. Qg4 Qe8 19. Bd5+ Kh8 20. Qg2 Qg6 21. Qxg6
hxg6 22. exd6 cxd6 23. Ne4 Nf6 24. Nxd6 Nxd5 25. cxd5 Nd8 26. Nxb7 Nxb7 27.
Rac1 Rf7 28. Rc6 Rd8 29. Rd1 Kh7 1/2-1/2

[Event "ODJM A 2018"]
[Site "Willingen GER"]
[Date "2018.05.26"]
[Round "9"]
[White "Do, Nam"]
[Black "Stemmler, Fabian"]
[Result "1/2-1/2"]
[Termination "normal"]
[Board "23"]
[WhiteElo "1947"]
[BlackElo "1963"]
[PlyCount "49"]
[WhiteFideId "12998885"]
[BlackFideId "12964808"]
[EventCountry "GER"]
[EventRounds "9"]
[EventType "swiss"]
[EventDate "2018.05.19"]

1. e4 e5 2. Nf3 Nc6 3. Bc4 Nf6 4. d3 Be7 5. c3 O-O 6. O-O d6 7. Nbd2 Na5 8. Bb5
a6 9. Ba4 b5 10. Bc2 c5 11. Re1 Nc6 12. h3 Re8 13. Nf1 h6 14. d4 cxd4 15. cxd4
Nxd4 16. Nxd4 exd4 17. Qxd4 Be6 18. Ne3 Rc8 19. Qd3 Bf8 20. Bd2 Nd7 21. Bc3 Ne5
22. Qe2 Qg5 23. Kh1 Qh4 24. Kh2 Ng6 25. Qf3 1/2-1/2

[Event "ODJM A 2018"]
[Site "Willingen GER"]
[Date "2018.05.26"]
[Round "9"]
[White "Reitz, Philipp"]
[Black "Grund, Sebastian"]
[Result "1-0"]
[Termination "normal"]
[Board "24"]
[WhiteElo "1975"]
[BlackElo "1892"]
[PlyCount "73"]
[WhiteFideId "12973297"]
[BlackFideId "12988626"]
[EventCountry "GER"]
[EventRounds "9"]
[EventType "swiss"]
[EventDate "2018.05.19"]

1. e4 c5 2. Nc3 Nc6 3. Bb5 Nd4 4. Bc4 e6 5. Nge2 Nf6 6. O-O b5 7. Bxb5 Nxb5 8.
Nxb5 Nxe4 9. d4 Qb6 10. c4 cxd4 11. Qxd4 Qxd4 12. Nexd4 Bc5 13. Re1 Bb7 14. Be3
O-O 15. f3 Nf6 16. Nb3 Bxe3+ 17. Rxe3 d5 18. c5 Ba6 19. Nc7 Bc4 20. Nxa8 Rxa8
21. Nd4 Nd7 22. b3 Ba6 23. b4 e5 24. Nc6 d4 25. Ra3 Bb5 26. Ne7+ Kf8 27. Nd5
Bc4 28. Nb6 Nxb6 29. cxb6 a6 30. Rc1 Bd5 31. Ra5 Bb7 32. Rxe5 Rd8 33. Kf2 Rd6
34. Rd1 f6 35. Rc5 d3 36. a3 Rxb6 37. Rxd3 1-0

[Event "ODJM A 2018"]
[Site "Willingen GER"]
[Date "2018.05.26"]
[Round "9"]
[White "Kreutz, Jonas"]
[Black "Giraud, Valerian"]
[Result "1-0"]
[Termination "normal"]
[Board "25"]
[WhiteElo "1861"]
[BlackElo "2034"]
[PlyCount "51"]
[WhiteFideId "12970697"]
[BlackFideId "12920355"]
[EventCountry "GER"]
[EventRounds "9"]
[EventType "swiss"]
[EventDate "2018.05.19"]

1. e4 e6 2. d4 d5 3. Nd2 c5 4. exd5 Qxd5 5. Ngf3 cxd4 6. Bc4 Qd8 7. O-O Nc6 8.
Nb3 a6 9. Nfxd4 Nxd4 10. Nxd4 Qc7 11. Qe2 Bd6 12. Bg5 Bxh2+ 13. Kh1 Be5 14.
Rad1 Bf6 15. f4 h6 16. Bxf6 Nxf6 17. f5 O-O 18. fxe6 fxe6 19. Nxe6 Bxe6 20.
Qxe6+ Kh8 21. Bd3 Nh5 22. Qg6 Ng3+ 23. Kg1 Qc5+ 24. Kh2 Nxf1+ 25. Rxf1 Qd6+ 26.
Qxd6 1-0